Algunas observaciones favorables al origen monocelular de los corpúsculos gigantes / (Record no. 21283)

MARC details
000 -LEADER
campo de control de longitud fija 00922nam a2200205 i 4500
001 - NÚMERO DE CONTROL
campo de control 21283
003 - IDENTIFICADOR DE NÚMERO DE CONTROL
campo de control ES-MaACL
005 - FECHA Y HORA DE LA ÚLTIMA TRANSACCIÓN
campo de control 20230906152443.0
007 - CAMPO FIJO DE DESCRIPCIÓN FÍSICA--INFORMACIÓN GENERAL
campo de control de longitud fija t|
008 - DATOS DE LONGITUD FIJA--INFORMACIÓN GENERAL
campo de control de longitud fija 021122s1923 sp ||||1| spa d
100 1# - ENTRADA PRINCIPAL--NOMBRE DE PERSONA
Nombre de persona Alberca Lorente, Román.
9 (RLIN) 19266
245 10 - MENCIÓN DEL TÍTULO
Título Algunas observaciones favorables al origen monocelular de los corpúsculos gigantes /
Mención de responsabilidad, etc. R. Alberca.
260 ## - PUBLICACIÓN, DISTRIBUCIÓN, ETC.
Lugar de publicación, distribución, etc. [Madrid :
Nombre del editor, distribuidor, etc. Junta para Ampliación de Estudios e Investigaciones Científicas], 1923.
300 ## - DESCRIPCIÓN FÍSICA
Extensión 6 p. :
Otras características físicas il. ;
Dimensiones 21 cm.
490 1# - MENCIÓN DE SERIE
Mención de serie Trabajos del Laboratorio de Histología Normal y Patológica de la Junta para Ampliación de Estudios ;
Designación de volumen o secuencia 29
500 ## - NOTA GENERAL
Nota general Separata del "Boletín de la Socierdad Española de Biología". Año X. Fasc. V. 1923.
830 0# - PUNTO DE ACCESO ADICIONAL DE SERIE-TÍTULO UNIFORME
Título uniforme Trabajos del Laboratorio de Histología Normal y Patológica de la Junta para Ampliación de Estudios ;
Designación de volumen o secuencia 29
9 (RLIN) 183868
852 ## - LOCALIZACIÓN
Ubicación ES-MaACL
Número de control de estantería 1667-F-3
Holdings
Estatus retirado Estado de pérdida Estado de daño No para préstamo Colección Biblioteca de origen Biblioteca actual Ubicación en estantería Fecha de adquisición Fuente de adquisición Total de préstamos Signatura topográfica completa Código de barras Visto por última vez Precio de reemplazo Tipo de ítem Koha
        Colección de folletos Biblioteca del Ateneo de Madrid Biblioteca del Ateneo de Madrid Depósito folletos 17/01/2008     1667-F-3 1021865 23/02/2023 23/02/2023 Folleto